logo

Bir Sreshtho Munshi Abdur Rouf Library
Jhenaidah Cadet College

উইলিয়াম শেক্সপিয়র রচনাসমগ্র / (Record no. 8660)

MARC details
000 -LEADER
fixed length control field 00704nam a2200217 a 4500
001 - CONTROL NUMBER
JCCL Control Number 8660
003 - CONTROL NUMBER IDENTIFIER
JCCL marc code BD-JhCC
005 - DATE AND TIME OF LATEST TRANSACTION
control field 20200128134008.0
008 - FIXED-LENGTH DATA ELEMENTS--GENERAL INFORMATION
fixed length control field 180301s2002 bg |||| ||a| 000 0 b d
035 ## - SYSTEM CONTROL NUMBER
system control number (BD-JhCC)8660
040 ## - CATALOGING SOURCE
Original cataloging agency BD-JhCC
Modifying agency BD-JhCC
041 ## - LANGUAGE CODE
Language code of Book ben
082 ## - DEWEY DECIMAL CLASSIFICATION NUMBER
Classification number 822.33
Author mark and Year AHM 2002
100 ## - MAIN ENTRY--PERSONAL NAME
Personal name আহমেদ, জে
245 ## - TITLE STATEMENT
Title উইলিয়াম শেক্সপিয়র রচনাসমগ্র /
Statement of responsibility, etc আহমেদ জে.
260 ## - PUBLICATION, DISTRIBUTION, ETC. (IMPRINT)
Place of publication, distribution, etc চট্টগ্রাম:
Name of publisher, distributor, etc জ্ঞান বিচিত্রা প্রকাশনী ;
Date of publication, distribution, etc ২০০২.
300 ## - PHYSICAL DESCRIPTION
Pagination 467 p. :
Dimensions 22 cm.
651 ## - SUBJECT ADDED ENTRY--GEOGRAPHIC NAME
Geographic name Collection of Drama.
942 ## - ADDED ENTRY ELEMENTS (KOHA)
Source of classification or shelving scheme Library of Congress Classification
Koha item type Books
Koha issues (borrowed), all copies 4
Holdings
Source of classification or shelving scheme Damaged status Not for loan Home library Current library Shelving location Date of accession Cost, normal purchase price Total Checkouts Full call number Barcode Date last seen Date checked out Copy number Koha item type
Dewey Decimal Classification     JCC Rouf Library JCC Rouf Library General Stacks 03/01/2018 180.00 3 822.33 AHM 2002 10991 12/07/2023 11/07/2023 C-1 Books

JCC Library | Contacts | JCC Home

Last Update on 23 September 2017
Copyright @ 2017-2020 JCC Rouf Library
Rouf Library, Jhenidah Cadet College (JCC), Bangladesh